[Event "ch-ARG s/f"]
[Site "Buenos Aires ARG"]
[Date "2006.03.27"]
[Round "8"]
[White "Real de Azua,E"]
[Black "Goldwaser,C"]
[Result "1-0"]
[WhiteElo "2383"]
[BlackElo "2257"]

1.e4 c5 2.Nf3 e6 3.d4 cxd4 4.Nxd4 a6 5.Nc3 b5 6.Bd3 Qb6 7.Nf3 Qc7 8.O-O Bb7
9.e5 Be7 10.Re1 f5 11.Bf4 Nc6 12.Bxf5 exf5 13.Nd5 Qd8 14.Be3 Qb8 15.c3 Nd8
16.Nb6 Qc7 17.Nxa8 Bxa8 18.Nd4 g6 19.a4 b4 20.Qd3 Qb7 21.f3 Ne6 22.Red1 b3
23.Qc4 Bc5 24.Rd3 Qd5 25.Qxa6 Bb7 26.Nxe6 dxe6 27.Qb5+ Bc6 28.Qb8+ Kf7 29.Rxd5 Bxe3+
30.Kh1 Bxd5 31.a5 Kg7 32.Qc7+ Kh6 33.c4  1-0

[Event "VIII Rector Cup w"]
[Site "Kharkiv UKR"]
[Date "2006.03.28"]
[Round "1"]
[White "Voicu,C"]
[Black "Dvoretska,O"]
[Result "1-0"]
[WhiteElo "2254"]
[BlackElo "2148"]

1.e4 c5 2.Nf3 e6 3.d4 cxd4 4.Nxd4 a6 5.Nc3 Qc7 6.Bd3 Nc6 7.Be3 b5 8.Nxc6 Qxc6
9.O-O Bb7 10.a3 Nf6 11.Qe2 h5 12.h3 h4 13.Bd4 Be7 14.Rfe1 Kf8 15.a4 b4 16.Nb1 d6
17.Nd2 Nh5 18.Qf3 Bg5 19.Be3 Bxe3 20.Rxe3 e5 21.Bc4 Qd7 22.Bb3 Nf4 23.Nc4 Qc7
24.Rd1 Rd8 25.Rd2 f6 26.Qd1 Ke7 27.c3 Rh6 28.cxb4 Rg6 29.g3 Nxh3+ 30.Kh1 Ng5
31.Rc3 Qb8 32.Ne3 Bc8 33.Qc2 h3 34.Rc7+ Rd7 35.Nf5+ Kf8 36.g4  1-0

[Event "ch-ARG s/f"]
[Site "Buenos Aires ARG"]
[Date "2006.03.29"]
[Round "9"]
[White "Obregon,A"]
[Black "Garcia,Rai"]
[Result "1/2-1/2"]
[WhiteElo "2313"]
[BlackElo "2351"]

1.e4 c5 2.Nf3 e6 3.d4 cxd4 4.Nxd4 a6 5.Nc3 Qc7 6.Be3 Bb4 7.Ne2 Nf6 8.a3 Be7
9.Na4 Nc6 10.Nb6 Rb8 11.Nc3 d6 12.f4 Nd7 13.Nca4 Nc5 14.Bxc5 dxc5 15.e5 O-O
16.Bd3 c4 17.Bxc4 Bc5 18.Nxc8 Be3 19.Bd3 Rfxc8 20.Qf3 Qa5+ 21.Kf1 Bd4 22.Nc3 Bxc3
23.bxc3 g6 24.c4 b5 25.cxb5 axb5 26.Qd1 Qc3 27.Qe1 Qd4 28.g3 b4 29.Kg2 b3
30.Ba6 Qd5+ 31.Kh3 Rd8 32.cxb3 Rxb3 33.Rd1 Nd4 34.Qf2 Rxa3 35.Bb7 Qc5 36.Rd2 Qb6
37.Be4 Rb3 38.Rhd1 Rb4 39.Bg2 h5 40.Be4 Kg7 41.Rd3 Rb2 42.Qg1 Rb4 43.R1d2 Kg8  1/2-1/2

[Event "VIII Rector Cup w"]
[Site "Kharkiv UKR"]
[Date "2006.04.01"]
[Round "5"]
[White "Skogvall,M"]
[Black "Dvoretska,O"]
[Result "0-1"]
[WhiteElo "2100"]
[BlackElo "2148"]

1.e4 c5 2.Nf3 e6 3.d4 cxd4 4.Nxd4 a6 5.Nc3 Qc7 6.Bd3 Nf6 7.O-O Nc6 8.Nb3 b5
9.a3 Bb7 10.f4 d6 11.Be3 Be7 12.Qe2 O-O 13.h3 Rfe8 14.Rad1 b4 15.axb4 Nxb4
16.g4 Nd7 17.Qf2 Rac8 18.g5 g6 19.Nd4 e5 20.Nf3 exf4 21.Bxf4 Bf8 22.Be3 Ne5
23.Ne2 Bg7 24.Ng3 Nexd3 25.cxd3 Qd7 26.Kh2 Rc2 27.Rd2 Nxd3 28.Qe2 Rxd2 29.Qxd2 Nxb2
30.Bd4 Nc4 31.Qc3 Ne5 32.Ng1 Rc8 33.Qb2 a5 34.Rd1 Re8 35.Qb6 Bc8 36.Qb3 a4
37.Qc3 Qb5 38.N3e2 Bb7 39.Ng3 Rc8 40.Qd2 Qb3 41.Rc1 Rxc1 42.Qxc1 Ng4+ 43.hxg4 Bxd4
44.N1e2 Be5 45.Kg2 a3  0-1

[Event "Bundesliga 2005-6"]
[Site "Kreuzberg GER"]
[Date "2006.04.01"]
[Round "14"]
[White "Lau,Ra"]
[Black "Rahls,P"]
[Result "1-0"]
[WhiteElo "2467"]
[BlackElo "2334"]

1.e4 c5 2.Nf3 e6 3.Nc3 a6 4.d4 cxd4 5.Nxd4 d6 6.f4 Nf6 7.Be2 Nbd7 8.a4 b6
9.O-O Bb7 10.Bf3 Qc7 11.Kh1 Rc8 12.Qe1 h5 13.Be3 Qb8 14.Rd1 Qa8 15.e5 dxe5
16.fxe5 Nxe5 17.Bxb7 Qxb7 18.Nxe6 fxe6 19.Bd4 Neg4 20.Qxe6+ Be7 21.Bxb6 Kf8
22.Rd7 Qxd7 23.Qxd7 Re8 24.Nd5 Kf7 25.Bc5 Ne5 26.Qb7 Ng6 27.Nxe7 Nxe7 28.Re1 Ng8
29.Qb3+ Kf8 30.Rf1+ Nf6 31.Qe6 Rh6 32.b4  1-0

[Event "4th V.Nabokov Mem"]
[Site "Kyiv UKR"]
[Date "2006.04.03"]
[Round "1"]
[White "Kernazhitsky,L"]
[Black "Koziak,V"]
[Result "1/2-1/2"]
[WhiteElo "2354"]
[BlackElo "2462"]

1.e4 c5 2.Nc3 e6 3.Nf3 a6 4.d4 cxd4 5.Nxd4 Nc6 6.Nxc6 bxc6 7.Bd3 d5 8.O-O Nf6
9.Re1 Be7 10.e5 Nd7 11.Qg4 g6 12.Bh6 Qc7 13.Qf4 Bb7 14.Na4 c5 15.c4 dxc4
16.Bxc4 Bc6 17.Nc3 Nb6 18.Bf1 Qb7 19.h4 Nd5 20.Nxd5 Bxd5 21.b3 Qb4 22.Bc4 Rd8
23.Bxa6 Qxf4 24.Bb5+ Rd7 25.Bxf4 Bxh4 26.Be3 Kd8 27.Bxd7 Kxd7 28.Bxc5 h5
29.b4 Bg5 30.a4 h4 31.Ra3 Bf4 32.b5 Rc8 33.Bd6 g5 34.b6 Rc2 35.Rb1 Bg3 36.Rxg3 hxg3
37.fxg3 Kc8 38.a5 Kb7 39.Ra1 Ka6 40.Ra3 Rxg2+ 41.Kf1 Ra2 42.Rxa2 Bxa2 43.Ke2 g4
44.Ke3 Bd5 45.Bc7 Bb7 46.Kf4 Kxa5 47.Kxg4 Ka6 48.Kg5 Be4 49.Kf6 Bg6 50.g4 Kb7
51.Ke7 Kc8 52.Bd6 Kb7 53.Bc5 Kc8  1/2-1/2

[Event "V Open"]
[Site "Dos Hermanas ESP"]
[Date "2006.04.06"]
[Round "8"]
[White "Campora,D"]
[Black "Handke,F"]
[Result "0-1"]
[WhiteElo "2541"]
[BlackElo "2474"]

1.e4 c5 2.Nf3 e6 3.d4 cxd4 4.Nxd4 a6 5.Nc3 Qc7 6.g3 Bb4 7.Ne2 Be7 8.Bg2 Nf6
9.O-O Nc6 10.h3 d6 11.a4 Rb8 12.Be3 O-O 13.g4 b5 14.g5 Nd7 15.axb5 axb5 16.Ng3 Nce5
17.Nce2 Qd8 18.b3 Ng6 19.Qd2 Bb7 20.f4 Re8 21.Rad1 Qc7 22.Nd4 Ba8 23.f5 exf5
24.Ndxf5 Bf8 25.Nxd6 Re6 26.Ngf5 Nde5 27.Qd4 Qxc2 28.Qa7 Rd8 29.Nd4 Qxg2+
30.Kxg2 Rexd6 31.Qa1 Bxe4+ 32.Kg1 b4 33.Nb5 Rd3 34.Rxd3 Rxd3 35.Kf2 Rxb3
36.Rd1 Nc4 37.Rd4 Rxe3 38.Rxc4 Rf3+ 39.Ke2 Nf4+ 40.Kd2 Rd3+ 41.Ke1 Re3+ 42.Kf2 Rf3+
43.Ke1 Bd3 44.Rxf4 Rxf4 45.Qa4 Bc4 46.Na7 b3 47.Nb5 b2 48.Nc3 Rf3  0-1

[Event "Open NOR-ch"]
[Site "Oslo NOR"]
[Date "2006.04.08"]
[Round "1"]
[White "Andersen,A"]
[Black "Bue,G"]
[Result "1-0"]
[WhiteElo "2216"]
[BlackElo "1856"]

1.e4 c5 2.Nf3 e6 3.d4 cxd4 4.Nxd4 a6 5.Nc3 Nc6 6.Be2 Nge7 7.Be3 Nxd4 8.Qxd4 b5
9.f4 Nc6 10.Qd2 Be7 11.O-O d6 12.Bf3 Bd7 13.Rad1 Rc8 14.Qf2 Qc7 15.g4 O-O
16.g5 f6 17.gxf6 Bxf6 18.Kh1 Be7 19.Rg1 b4 20.Na4 Rb8 21.Nb6 Bd8 22.Nc4 Be7
23.Qd2  1-0

[Event "XXXVII Open"]
[Site "Mar del Plata ARG"]
[Date "2006.04.09"]
[Round "3"]
[White "Fiori,H"]
[Black "Duarte,L"]
[Result "1/2-1/2"]
[WhiteElo "2180"]
[BlackElo "2374"]

1.e4 c5 2.Nf3 e6 3.d4 cxd4 4.Nxd4 a6 5.Nc3 b5 6.Be3 Qc7 7.f3 Nf6 8.Qd2 Bb4
9.O-O-O d5 10.Nb3 O-O 11.e5 Nfd7 12.f4 Bb7 13.Bd3 Rc8 14.Qf2 Nc6 15.Qh4 Nf8
16.Ne2 Be7 17.Qf2 Nb4 18.Kb1 a5 19.Nbd4 Nxd3 20.cxd3 b4 21.Rc1 Qd7 22.Rxc8 Rxc8
23.Rc1 Ba6 24.Rxc8 Qxc8 25.Nc1 f6 26.Qc2 fxe5 27.Qxc8 Bxc8 28.Nc6 Ng6 29.Nxe7+  1/2-1/2

[Event "ch-CUB KO 5th-8th"]
[Site "Santa Clara CUB"]
[Date "2006.04.09"]
[Round "2.3"]
[White "Pozo Vera,S"]
[Black "Arencibia,W"]
[Result "0-1"]
[WhiteElo "2457"]
[BlackElo "2535"]

1.e4 c5 2.Nf3 e6 3.d4 cxd4 4.Nxd4 a6 5.Nc3 b5 6.Be2 Bb7 7.O-O d6 8.Re1 Nd7
9.Bf1 Ngf6 10.Bg5 Be7 11.f3 O-O 12.a3 Rc8 13.Be3 Ne5 14.Qd2 Qc7 15.Rad1 Rfd8
16.Qf2 Nc4 17.Bxc4 Qxc4 18.Nb3 Nd7 19.Na5 Qc7 20.Nxb7 Qxb7 21.Bd4 Bf8 22.f4 a5
23.e5 dxe5 24.fxe5 b4 25.Ne4 Nxe5 26.axb4 axb4 27.b3 Ng4 28.Qg3 f5 29.h3 Rxd4
30.Rxd4 Qb6 31.Rd1 fxe4 32.Qxg4 Bc5 33.Kh1 Bxd4 34.Rxd4 Qxd4 35.Qxe6+ Kf8
36.Qxc8+ Ke7 37.Qc7+ Ke6 38.Qc8+ Kf6 39.Qf8+ Kg6 40.Qf4 h5 41.Kh2 Qd5 42.Qg3+ Kh7
43.Qf4 Qe6 44.Qe3 Qd6+ 45.g3 Qc6 46.Qe2 Kg6 47.h4 Qd5 48.Qe3 Kf6 49.Kg2 Qc6
50.Qg5+ Ke6 51.Qg6+ Kd5 52.Qxh5+ Kd4 53.Qe2 Kc3 54.g4 e3+ 55.Kg3 Qe4 56.g5 g6
57.Kh3 Qf4 58.Kg2 Qxh4 59.Qxe3+ Kxc2 60.Kf1 Qh1+ 61.Kf2 Qd5 62.Kg1  0-1

[Event "ch-DEN"]
[Site "Aalborg DEN"]
[Date "2006.04.11"]
[Round "4"]
[White "Pilgaard,K"]
[Black "Glud,J"]
[Result "1-0"]
[WhiteElo "2417"]
[BlackElo "2421"]

1.e4 c5 2.Nf3 e6 3.d4 cxd4 4.Nxd4 a6 5.Nc3 b5 6.Bd3 Qb6 7.Nf3 Nc6 8.O-O Qb8
9.Re1 Nge7 10.Be3 d6 11.Qd2 Ng6 12.Nd4 Bd7 13.a4 bxa4 14.Nxa4 Nce5 15.Be2 Be7
16.f4 Nc6 17.Nf3 O-O 18.Nb6 Ra7 19.Rxa6 Be8 20.Rxa7 Nxa7 21.Ra1 Nc6 22.Ra8 Qc7
23.Nc8 Qb7 24.Nxe7+ Ncxe7 25.Ra6 Qxe4 26.Bd3 Qb7 27.Rb6 Qc7 28.Bxg6 Nxg6
29.Rxd6 Bc6 30.Ne5 Bd5 31.Rd7 Qc8 32.Nxg6 hxg6 33.Ra7 Be4 34.c3 Rd8 35.Bd4 Qc4
36.b4 g5 37.Qe3 Qc6 38.h3 Bxg2 39.b5 Qd5 40.Qg3 Bxh3 41.Qxh3 gxf4 42.Qg2 e5
43.Qxd5 Rxd5 44.b6 exd4 45.b7 Rb5 46.Ra8+ Kh7 47.b8=Q Rxb8 48.Rxb8 dxc3 49.Rc8 g5
50.Rxc3 Kg6 51.Kg2 Kf5 52.Rc5+ Kg4 53.Ra5 f6 54.Rb5 Kh5 55.Kf3 Kg6 56.Kg4 Kh6
57.Rb6  1-0

[Event "XXXVII Open"]
[Site "Mar del Plata ARG"]
[Date "2006.04.11"]
[Round "5"]
[White "Ripari,M"]
[Black "Flores,Di"]
[Result "1/2-1/2"]
[WhiteElo "2324"]
[BlackElo "2494"]

1.e4 c5 2.Nf3 e6 3.Nc3 a6 4.d4 cxd4 5.Nxd4 Qc7 6.Bd3 Nf6 7.O-O b5 8.Re1 Bb7
9.e5 Nd5 10.Nxd5 Bxd5 11.a4 b4 12.Bd2 Nc6 13.Nxc6 Qxc6 14.Bf1 Bc5 15.c3 Qb6
16.Qe2 O-O 17.a5 Qb7 18.c4 Bc6 19.Be3 Be7 20.Bb6 f6 21.Qd2 fxe5 22.Rxe5 Rf6
23.Rae1 Raf8 24.g3 Rg6 25.Bd3 Rg4 26.Qc2 h6 27.Bh7+ Kh8 28.h3 Rxc4 29.Qxc4 Kxh7
30.Kh2 Rf3 31.Qc2+ Kg8 32.h4 Bd6 33.R5e3 Rf5 34.f4 Qa8 35.Re5 Bxe5 36.Rxe5 Rf8
37.Qd2 Rc8 38.Qxb4 Bb5 39.Rc5 Bc6 40.Qd2 Rf8 41.Re5 Bd5 42.Bd4 Qc6 43.Bc3 Rf7
44.Qd4 Qb5 45.Qd2 d6 46.Re1 Qb3 47.Qd3 e5 48.Qxa6 Bc4 49.Qa8+ Rf8 50.Qg2 Bd5
51.Qd2 Ba8 52.fxe5 dxe5  1/2-1/2

[Event "Open NOR-ch"]
[Site "Oslo NOR"]
[Date "2006.04.12"]
[Round "5"]
[White "Reppen,S"]
[Black "Wilsbeck,J"]
[Result "1-0"]
[WhiteElo "2043"]
[BlackElo "1919"]

1.e4 c5 2.Nf3 e6 3.d4 cxd4 4.Nxd4 a6 5.Nc3 Qc7 6.Bd3 Nf6 7.O-O Nc6 8.Be3 Be7
9.Qe2 O-O 10.Kh1 Nxd4 11.Bxd4 b5 12.e5 Ne8 13.Qe4 f5 14.Qxa8 d6 15.Qa7 Bb7
16.Qb6 Qb8 17.Rae1 Bd8 18.Qa7 Qc7 19.exd6 Nxd6 20.Qc5 Qd7 21.Qe5 Re8 22.Qg3 b4
23.Ne2 Ne4 24.Bxe4 Bxe4 25.c3 e5 26.Bxe5 Re6 27.Rd1 Qe8  1-0

[Event "CCF Easter"]
[Site "Coulsdon ENG"]
[Date "2006.04.13"]
[Round "7"]
[White "Lukman,R"]
[Black "Khantuev,A"]
[Result "0-1"]
[WhiteElo "2265"]
[BlackElo "2286"]

1.Nf3 c5 2.e4 e6 3.Nc3 a6 4.d4 cxd4 5.Nxd4 Qc7 6.g3 b5 7.a3 Bb7 8.Bg2 Nf6
9.O-O d6 10.Bg5 Nbd7 11.h3 Be7 12.Re1 O-O 13.g4 Rfe8 14.Bd2 Ne5 15.b3 Rac8
16.g5 Nfd7 17.Nce2 Ng6 18.Nc3 Bf8 19.Nf3 Nde5 20.Ra2 d5 21.Nxe5 Qxe5 22.exd5 Qb8
23.Qh5 exd5 24.Rxe8 Rxe8 25.Nxd5 Rd8 26.Ba5 Bxd5 27.Bxd8 Bxg2 28.Qg4  0-1

[Event "Foxwoods Open"]
[Site "Ledyards USA"]
[Date "2006.04.13"]
[Round "2"]
[White "Frhat,A"]
[Black "Van Wely,L"]
[Result "0-1"]
[WhiteElo "2376"]
[BlackElo "2655"]

1.e4 c5 2.Nf3 e6 3.d4 cxd4 4.Nxd4 a6 5.Nc3 b5 6.Bd3 Qc7 7.O-O Nf6 8.e5 Qxe5
9.Qf3 d5 10.Nf5 exf5 11.Bf4 Qd4 12.Rad1 Qc5 13.Rfe1+ Be7 14.Qg3 O-O 15.Bxb8 Rxb8
16.Rxe7 Be6 17.Rc7 Qb6 18.b4 d4 19.Ne2 Nd5 20.Rc5 Nxb4 21.Qe5 Rfe8 22.Qxd4 Nxd3
23.cxd3 Bxa2 24.Nf4 Rbd8 25.Qb4 Re4  0-1

[Event "Foxwoods Open"]
[Site "Ledyards USA"]
[Date "2006.04.13"]
[Round "3"]
[White "Anderson,R"]
[Black "Frhat,A"]
[Result "0-1"]
[WhiteElo "2261"]
[BlackElo "2376"]

1.e4 c5 2.Nf3 e6 3.Nc3 a6 4.d4 cxd4 5.Nxd4 Qc7 6.Bd3 b5 7.O-O Bb7 8.a3 Nf6
9.Qe2 d6 10.Bd2 Be7 11.Kh1 O-O 12.f4 Nbd7 13.Rf3 g6 14.Rg3 Nc5 15.b4 Nxd3
16.cxd3 Rfe8 17.f5 Bf8 18.Rf1 Bg7 19.Nxe6 fxe6 20.fxg6 h6 21.Nd1 Rf8 22.Rgf3 d5
23.e5 Nd7 24.d4 Rxf3 25.Rxf3 Rf8 26.Ne3 Rxf3 27.Qxf3 Nxe5 28.dxe5 d4 29.Qf7+ Qxf7
30.gxf7+ Kxf7 31.Nc2 Bxe5 32.Bxh6 Kg6 33.Bd2 Kf5 34.Kg1 Bf6 35.h3 e5 36.g4+ Ke4
37.g5 Bg7 38.Ne1 Kf5 39.Nd3 e4 40.Nc5 Bc8 41.h4 e3 42.Be1 Kg4 43.Kg2 Bf5  0-1

[Event "ch-DEN"]
[Site "Aalborg DEN"]
[Date "2006.04.15"]
[Round "8"]
[White "Pilgaard,K"]
[Black "Kongsted,H"]
[Result "1-0"]
[WhiteElo "2417"]
[BlackElo "2245"]

1.e4 c5 2.Nf3 e6 3.d4 cxd4 4.Nxd4 a6 5.Nc3 Qc7 6.Bd3 Bc5 7.Nb3 Ba7 8.Qg4 g6
9.Bg5 d6 10.Qg3 Nc6 11.O-O-O f6 12.Be3 Bxe3+ 13.Qxe3 Nge7 14.Be2 Kf7 15.h4 b6
16.Qd2 Rd8 17.Qh6 Kg8 18.h5 Rd7 19.f4 d5 20.hxg6 Nxg6 21.exd5 exd5 22.g3 Nd8
23.f5 Qxg3 24.fxg6 Qg5+ 25.Qxg5 fxg5 26.Nxd5 Kg7 27.Rxh7+ Kf8 28.Rxd7 Bxd7
29.Nxb6 Bc8  1-0

[Event "10th Neckar Open A"]
[Site "Deizisau GER"]
[Date "2006.04.15"]
[Round "4"]
[White "Meinhardt,Ma"]
[Black "Miezis,N"]
[Result "1-0"]
[WhiteElo "2378"]
[BlackElo "2496"]

1.e4 c5 2.Nf3 e6 3.d4 cxd4 4.Nxd4 a6 5.Nc3 Qc7 6.g3 Bb4 7.Bd2 Nf6 8.Bg2 Nc6
9.Nb3 h5 10.f4 d6 11.a3 Bxc3 12.Bxc3 e5 13.Qd3 h4 14.f5 b5 15.O-O-O Ke7 16.Na5 h3
17.Bf3 Bd7 18.g4 Rhc8 19.g5 Ne8 20.Qd2 Rab8 21.Nxc6+ Qxc6 22.Bb4 Rb6 23.Qf2 Qc4
24.Kb1 Rbc6 25.Rd2 f6 26.gxf6+ gxf6 27.Rg1 Ra8 28.Rd5 Rac8 29.Rc1 a5 30.Bxa5 Qa4
31.Bb4 Rc4 32.Qd2 Rxb4 33.Qxb4 Qxb4 34.axb4 Rc4 35.b3 Rxb4 36.c3  1-0

[Event "7th ch-Euro w"]
[Site "Kusadasi TUR"]
[Date "2006.04.15"]
[Round "11"]
[White "Djingarova,E"]
[Black "Peptan,C"]
[Result "1/2-1/2"]
[WhiteElo "2346"]
[BlackElo "2407"]

1.e4 c5 2.Nf3 e6 3.d4 cxd4 4.Nxd4 a6 5.Nc3 b5 6.g3 Bb7 7.Bg2 Nf6 8.O-O d6
9.Re1 Nbd7 10.e5 dxe5 11.Bxb7 exd4 12.Bxa8 dxc3 13.Bg2 cxb2 14.Bxb2 Bb4 15.Re2 O-O
16.a4 bxa4 17.c3 Be7 18.Qxa4 Nc5 19.Qc2 Qc7 20.c4 Nfd7 21.h4 Rb8 22.Bc3 h6
23.Ba5 Qc8 24.Rb1 Rxb1+ 25.Qxb1 Bf6 26.Rd2 Ne5 27.Rd6 Ncd7 28.Qb7 Qxb7 29.Bxb7 Nxc4
30.Rxd7 Nxa5 31.Bxa6 Nb3 32.Rc7 g6 33.Bb5 Kf8 34.Rc8+ Kg7 35.Be8 Be7 36.Rc7 Kf8
37.Ba4 Nd4 38.Kg2 h5 39.Rd7 Bc5 40.Rc7 Be7 41.Kh3 Bf6 42.Rb7 Be7 43.Bd1 Nf5
44.f3 Ne3 45.Bb3 Nf5 46.Rd7 Bf6 47.Bc2 Nd4 48.Be4 Be5 49.Kg2 Ne2 50.f4 Bf6
51.Kf3 Nc3 52.Bc6 Na2 53.Rb7 Be7 54.Ke2 Nb4 55.Bf3 Nc2 56.Kd3 Ne1+ 57.Ke2 Nc2
58.Kd3 Ne1+ 59.Ke2 Nc2 60.Kd2 Nd4 61.Be4 Nf5 62.Bxf5 gxf5 63.Kd3 Bc5 64.Kc4 Bf2
65.Rb3 Ke7 66.Rf3 Bg1 67.Kd3 Kf6 68.Ke2 Bc5 69.Rc3 Bd4 70.Rc8 Kg7 71.Rd8  1/2-1/2

[Event "7th ch-Euro w"]
[Site "Kusadasi TUR"]
[Date "2006.04.15"]
[Round "11"]
[White "Sommer,S"]
[Black "Bulmaga,I"]
[Result "1-0"]
[WhiteElo "2047"]
[BlackElo "2088"]

1.e4 c5 2.Nf3 e6 3.Nc3 a6 4.d4 cxd4 5.Nxd4 Qc7 6.Bd3 Nf6 7.O-O d6 8.Qe2 Nbd7
9.f4 Be7 10.Nb3 b5 11.Kh1 Bb7 12.a4 b4 13.Na2 d5 14.e5 Ne4 15.Be3 h5 16.Bxe4 dxe4
17.a5 Bd5 18.Nd2 Qxc2 19.Rfc1 Qd3 20.Qf2 h4 21.h3 g6 22.b3 O-O 23.Nc4 Rac8
24.Nd6 Rxc1+ 25.Nxc1 Qd1+ 26.Kh2 Bxb3 27.Rb1 Bxd6 28.exd6 Rc8 29.Rxb3 Rxc1
30.Bxc1 Qxb3 31.Qxh4 Qc3 32.Qd8+ Nf8 33.Qc7 Qd3 34.Bb2 Qd2 35.Be5 e3 36.Qe7 e2
37.Qf6 Qxf4+ 38.Qxf4 e1=Q 39.Qf6 Qxe5+ 40.Qxe5  1-0

[Event "44th Doeberl Cup"]
[Site "Canberra AUS"]
[Date "2006.04.16"]
[Round "6"]
[White "Charles,Ga"]
[Black "Ikeda,J"]
[Result "1-0"]
[WhiteElo "2196"]
[BlackElo "2089"]

1.e4 c5 2.Nc3 e6 3.Nf3 a6 4.d4 cxd4 5.Nxd4 b5 6.Bd3 Bb7 7.O-O d6 8.a3 Nf6
9.Be3 Qc7 10.f4 h5 11.h3 Nbd7 12.Qe2 Be7 13.Bf2 Nc5 14.Rae1 g6 15.Nf3 e5
16.Bg3 exf4 17.Bxf4 Ne6 18.Bg3 Qb6+ 19.Kh1 g5 20.e5 dxe5 21.Nxe5 h4 22.Bh2 Rd8
23.Bf5 Nd4 24.Qf2 Qc5 25.Ne4 Bxe4 26.Bxe4 Ne6 27.Re3 Rh6 28.Ng4 Nxe4 29.Qxf7+ Kd7
30.Nxh6 Qxe3 31.Nf5 Qc5 32.Rd1+ Kc8 33.Qxe6+ Kb7 34.Qxe4+  1-0

[Event "Open NOR-ch"]
[Site "Oslo NOR"]
[Date "2006.04.16"]
[Round "9"]
[White "Reppen,S"]
[Black "Windels,J"]
[Result "1/2-1/2"]
[WhiteElo "2043"]
[BlackElo "1994"]

1.e4 c5 2.Nf3 e6 3.d4 cxd4 4.Nxd4 a6 5.Nc3 b5 6.Bd3 Qc7 7.O-O Nf6 8.Qe2 d6
9.Be3 Be7 10.a3 Nbd7 11.Rac1 Bb7 12.f3 Nc5 13.Rfd1 O-O 14.Kh1 Rac8 15.Qf2 Nxd3
16.cxd3 Qb8 17.Nb3 Nd7 18.Na5  1/2-1/2

[Event "10th Neckar Open A"]
[Site "Deizisau GER"]
[Date "2006.04.17"]
[Round "8"]
[White "Szoen,D"]
[Black "Kekelidze,M"]
[Result "1-0"]
[WhiteElo "2440"]
[BlackElo "2520"]

1.e4 c5 2.Nf3 e6 3.d4 cxd4 4.Nxd4 a6 5.Nc3 Qc7 6.Bd3 Nf6 7.Bg5 Bb4 8.O-O Bxc3
9.bxc3 Qxc3 10.Nb3 d6 11.Nd2 Qc7 12.Bxf6 gxf6 13.Qg4 Ke7 14.f4 Nd7 15.Qg7 Qd8
16.e5 Qf8 17.exd6+ Kxd6 18.Qg3 Kc7 19.f5+ e5 20.a4 Nc5 21.Qe3 Bd7 22.Ne4 Nxe4
23.Bxe4 Qb4 24.Rfb1 Qd4 25.Rxb7+ Kd6 26.Qxd4+ exd4 27.Rb6+ Kc5 28.Rxf6 Rae8
29.Bf3 Re5 30.Rxa6 Bxf5 31.Rb1 Re6 32.Ra5+  1-0

[Event "VII TCh-RUS w"]
[Site "Sochi RUS"]
[Date "2006.04.20"]
[Round "1"]
[White "Severiukhina,Z"]
[Black "Meshcheriakova,E"]
[Result "0-1"]
[WhiteElo "2189"]
[BlackElo "2203"]

1.e4 c5 2.Nf3 a6 3.Nc3 e6 4.d4 cxd4 5.Nxd4 Qc7 6.Be3 Bb4 7.Qd2 Nf6 8.f3 d5
9.Bd3 e5 10.O-O-O dxe4 11.Bb5+ axb5 12.Ndxb5 Qe7 13.a3 O-O 14.axb4 Qxb4 15.Qd6 Qxd6
16.Nxd6 exf3 17.gxf3 Nc6 18.Rhg1 Kh8 19.b4 Be6 20.b5 Na5 21.Bg5 Ne8 22.Be7 Rg8
23.Nde4 Nc4 24.Ng5 Ra1+ 25.Nb1 Nc7 26.Rg4 Ne3 27.Rh4 Rga8 28.Rxh7+ Kg8 29.Rg1 Ne8
30.Kd2 Nf5 31.Bb4 Ba2 32.Rh3 Rxb1 33.Rg4 Nf6  0-1

[Event "TCh-NED 2005-6"]
[Site "Netherlands NED"]
[Date "2006.04.23"]
[Round "9"]
[White "Muhren,B"]
[Black "Solleveld,Maa"]
[Result "0-1"]
[WhiteElo "2241"]
[BlackElo "2463"]

1.d4 e6 2.e4 c5 3.Nf3 cxd4 4.Nxd4 a6 5.Nc3 Qc7 6.Bd3 Nf6 7.f4 d6 8.a4 b6
9.O-O Nbd7 10.Kh1 Bb7 11.Qe1 g6 12.Nf3 Bg7 13.Bd2 Nc5 14.Rd1 O-O 15.f5 Qd7
16.Ng5 exf5 17.exf5 h6 18.Nh3 Nxd3 19.cxd3 g5 20.Qg3 Rfe8 21.Be3 Qc6 22.Rde1 Re7
23.Nf2 Rae8 24.Nce4 d5 25.Nxf6+ Bxf6 26.d4 Bxd4 27.Bxg5 hxg5 28.Qxg5+ Kf8
29.Rxe7 Rxe7 30.Ng4 f6 31.Qh5 Re4 32.h3 Qe8 33.Qh6+ Ke7 34.Rc1 Kd8 35.Qh4 Bxb2
36.Rb1 Bc3 37.Kh2 Qe5+ 38.Kh1 Re1+ 39.Rxe1 Qxe1+ 40.Qxe1 Bxe1 41.Nxf6 d4
42.Ng4 d3 43.Kg1 Bc8 44.Ne3 Bd2 45.Nc4 Bc3 46.Kf2 Bxf5 47.Ke3 Bf6 48.g4 Bg5+
49.Kf2 Be6 50.Nb2 d2 51.Ke2 a5 52.Kd1 Bb3+ 53.Ke2 Kc7 54.h4 Bxh4 55.Kxd2 Bf6  0-1

[Event "XIII TCh-RUS 1st League"]
[Site "Sochi RUS"]
[Date "2006.04.23"]
[Round "4"]
[White "Kuznesov,A"]
[Black "Ogloblin,N"]
[Result "0-1"]
[WhiteElo "2324"]
[BlackElo "2415"]

1.e4 c5 2.Nf3 e6 3.d4 cxd4 4.Nxd4 a6 5.Nc3 Qc7 6.g3 Nc6 7.Bg2 d6 8.O-O Bd7
9.Re1 Be7 10.a4 Nf6 11.b3 O-O 12.Nce2 Rfd8 13.Nxc6 bxc6 14.Bb2 Be8 15.c4 Rab8
16.Rb1 c5 17.Nf4 Nd7 18.Nh5 e5 19.g4 Nf8 20.Ng3 Bg5 21.Ne2 Ne6 22.Nc3 Qb7
23.Ba1 Bc6 24.Nd5 Qd7 25.Bc3 Nd4 26.Bxd4 cxd4 27.h3 a5 28.f4 Bxd5 29.fxg5 Be6
30.Bf1 Rb4 31.Bd3 Rdb8 32.Bc2 Qe7 33.Qd2 h6 34.gxh6 Qh4 35.Kg2 gxh6 36.Rf1 Kf8
37.Rf3 Ke7 38.Rbf1 Rg8 39.Qf2 Qxf2+ 40.Kxf2 Rbb8 41.Bd1 Rg6 42.Ke1 Rbg8 43.Be2 R6g7
44.Bd1 Rh7 45.Rd3 Kd7 46.Rdf3 Kc6 47.Rf6 Kd7 48.R6f2 Ke7 49.Rh2 Bd7 50.Be2 Bc6
51.Bd3 h5 52.Rg2 hxg4 53.hxg4 Rb8 54.Bc2 Rh3 55.Rgf2 Be8 56.Kd2 Rg3 57.Bd1 Rb7
58.Rf5 Rc7 59.g5 Rg2+ 60.R1f2 Rxf2+ 61.Rxf2 Bd7 62.Rh2 Rc8 63.Rh7 Rg8 64.Bh5 Rxg5
65.Bxf7 Rg2+ 66.Kd3 Rg3+ 67.Kc2 Kf6 68.Bd5 Bg4 69.Rf7+ Kg5 70.Rf2 Rc3+ 71.Kb2 Bf3
72.Rc2 Re3 73.c5 dxc5 74.Rxc5 Re2+ 75.Ka3 Kf4 76.Rxa5 Rh2 77.Bc4 Bxe4 78.Ra7 d3
79.Rd7 d2 80.b4 Bc2 81.Bb3 Rh3 82.Rxd2 Bxb3 83.b5 e4 84.Rf2+ Rf3 85.Rh2 Bd5+
86.Kb4 e3  0-1

[Event "8th Dubai Open"]
[Site "Dubai UAE"]
[Date "2006.04.27"]
[Round "5"]
[White "Sareen,V"]
[Black "Ghader Pour,S"]
[Result "1-0"]
[WhiteElo "2386"]
[BlackElo "2144"]

1.e4 c5 2.Nc3 e6 3.Nf3 a6 4.d4 cxd4 5.Nxd4 Qc7 6.Bd3 Nf6 7.O-O Be7 8.Kh1 O-O
9.f4 d6 10.Qe1 Nbd7 11.Qg3 b5 12.a3 Bb7 13.Bd2 Rad8 14.Rae1 Nc5 15.b4 Nxd3
16.cxd3 Nd7 17.Rc1 Qb8 18.f5 d5 19.fxe6 Qxg3 20.hxg3 Ne5 21.Nf5 Rde8 22.Nxd5 Bxd5
23.exd5 fxe6 24.Nxe7+ Rxe7 25.Rxf8+ Kxf8 26.Bg5 Re8 27.d6 Nd7 28.Rc7 Nf6
29.Bxf6 gxf6 30.Rxh7 Kg8 31.d7 Rd8 32.Re7 Kf8 33.Rxe6 Kf7 34.Rd6 Ke7 35.Rd4 Ke6
36.Kg1 Ke5 37.Re4+ Kd5 38.Re7 Kd4 39.Re6 Rxd7 40.Rxf6 Ra7 41.Rf3 a5 42.Rf5 axb4
43.axb4 Rb7 44.Rc5 Kxd3 45.g4 Rb6 46.g5 Ke4 47.Kf2 Kf4 48.Ke2 Ke4 49.g3 Rb8
50.g6 Rg8 51.Rg5 Rg7 52.Rxb5 Rxg6 53.Kf2 Rc6 54.Rc5 Ra6 55.Rc4+ Kf5 56.Rf4+ Kg5
57.Ke3 Ra3+ 58.Kd4 Rxg3 59.Rf1 Rb3 60.Kc4 Rb2 61.b5 Kg4 62.Kc5 Kg5 63.b6 Rb3
64.Kc6 Kg6 65.b7 Rc3+ 66.Kb6 Rb3+ 67.Kc7 Rc3+ 68.Kb8 Kg7 69.Ra1 Rf3 70.Ka8  1-0

[Event "2nd Halkidiki Open"]
[Site "Kalithea GRE"]
[Date "2006.04.27"]
[Round "3"]
[White "Katzourakis,P"]
[Black "Itkis,B"]
[Result "0-1"]
[WhiteElo "2109"]
[BlackElo "2490"]

1.e4 c5 2.Nf3 e6 3.d4 cxd4 4.Nxd4 a6 5.Nc3 Qc7 6.Bd3 Nf6 7.Be3 b5 8.a3 Bb7
9.O-O d6 10.f4 Nbd7 11.Kh1 Be7 12.Qf3 h5 13.Rae1 h4 14.Qh3 g6 15.e5 dxe5
16.Nxe6 fxe6 17.Bxg6+ Kd8 18.fxe5 Nd5 19.Qxe6 Nxc3 20.Qxe7+ Kxe7 21.Bg5+ Nf6
22.Rxf6 Nd5 23.Rf3+ Kd7 24.e6+ Kc6 25.e7 Qd7 26.Bf5 Qd6 27.Re6 Rag8 28.Bd2 Re8
29.Rd3 Rxe7 30.Rxd6+ Kxd6 31.Bb4+ Ke5 32.Bxe7 Kxf5 33.Bd6 Rh6  0-1

[Event "XXIV Open"]
[Site "Metz FRA"]
[Date "2006.04.27"]
[Round "6"]
[White "Spraggett,K"]
[Black "Shchekachev,A"]
[Result "1/2-1/2"]
[WhiteElo "2578"]
[BlackElo "2592"]

1.e4 c5 2.Nf3 e6 3.d4 cxd4 4.Nxd4 a6 5.Nc3 d6 6.Be2 Nf6 7.O-O Nc6 8.Be3 Bd7
9.f4 Be7 10.Qe1 O-O 11.Qg3 Nxd4 12.Bxd4 Bc6 13.Rad1 b5 14.Bf3 b4 15.e5 Bxf3
16.exf6 Bxf6 17.Bxf6 Qxf6 18.Rxf3  1/2-1/2

[Event "XXIV Open"]
[Site "Metz FRA"]
[Date "2006.04.27"]
[Round "6"]
[White "Becker,Mart"]
[Black "Meijers,V"]
[Result "0-1"]
[WhiteElo "2347"]
[BlackElo "2482"]

1.e4 c5 2.Nf3 e6 3.d4 cxd4 4.Nxd4 a6 5.Nc3 Qc7 6.Bd3 b5 7.O-O Bb7 8.Re1 Nf6
9.e5 b4 10.Ncb5 axb5 11.exf6 gxf6 12.Qh5 Nc6 13.Nxb5 Qb8 14.Qh4 Be7 15.Bf4 e5
16.Bh6 Ba6 17.a4 bxa3 18.c4 axb2 19.Rad1 Bxb5 20.cxb5 Nd4 21.Bg7 Ra4 22.Qh6 Rg8
23.Qxh7 Rxg7 24.Qxg7 Qb6 25.h4 Bc5 26.Qg3 Ne6 27.h5 Bf8 28.Qe3 Qxe3 29.fxe3 Bh6
30.Kf2 Rb4 31.Re2 Nc5 32.Bb1 Rxb5 33.Bf5 e4  0-1

[Event "81st ch-ARG"]
[Site "San Luis ARG"]
[Date "2006.04.27"]
[Round "2"]
[White "Felgaer,R"]
[Black "Perelman,H"]
[Result "1-0"]
[WhiteElo "2580"]
[BlackElo "2148"]

1.e4 c5 2.Nf3 e6 3.d4 cxd4 4.Nxd4 a6 5.Nc3 Qc7 6.g3 Nf6 7.Bg2 Be7 8.O-O d6
9.a4 Nc6 10.Nb3 b6 11.f4 Bb7 12.Be3 O-O 13.g4 Rfe8 14.g5 Nd7 15.Rf3 g6 16.Rh3 Bf8
17.Qe1 Nb4 18.Qf2 Rac8 19.Rf1 f5 20.gxf6 Nxf6 21.Qh4 Qg7 22.Rf2 Be7 23.Qg3 Rc4
24.Nd2 Rcc8 25.f5 exf5 26.Bh6 Qf7 27.exf5 Bxg2 28.Rxg2 d5 29.fxg6 hxg6 30.Qxg6+ Qxg6
31.Rxg6+ Kf7 32.Rg7+ Ke6 33.Re3+ Kd7 34.Nf3 Nc6 35.Bg5 d4 36.Rd3 Ke6 37.Ne2 Bc5
38.Nf4+ Kf5 39.Nh4+ Ke5 40.Nhg6+ Kf5 41.Nh4+ Ke5 42.Nf3+ Ke4 43.Rf7 Be7 44.Bxf6  1-0